Statistiques concernant Départements français avec la lettre R

Cliquez ici pour prendre le quiz!

Statistiques générales

  • Ce quiz a été pris 117 fois
    (97 depuis la dernière actualisation)
  • Le résultat moyen est 59 sur 65

Statistiques - réponses

Réponse% Correct
Rhone
100%
Loire
98%
Bas rhin
96%
Charente
96%
Charente maritime
96%
Finistere
96%
Alpes maritimes
95%
Ardeche
95%
Corse du sud
95%
Haut rhin
95%
Hérault
95%
Loiret
95%
Pyrenees atlantiques
95%
Creuse
94%
Eure
94%
Gironde
94%
Haute corse
94%
Nord
94%
Ardennes
93%
Cher
93%
Cotes d'armor
93%
Dordogne
93%
Eure et loir
93%
Indre
93%
Indre et loire
93%
Marne
93%
Martinique
93%
Meurthe et moselle
93%
Paris
93%
Pyrenees orientales
93%
Alpes de haute provence
92%
Bouches du rhone
92%
Correze
92%
Drome
92%
Gers
92%
Haute garonne
92%
Isere
92%
La réunion
92%
Loire atlantique
92%
Lot et garonne
92%
Seine et marne
92%
Tarn
92%
Ariege
90%
Aveyron
90%
Haute loire
90%
Loir et cher
90%
Tarn et garonne
90%
Var
90%
Gard
89%
Lozere
89%
Seine maritime
89%
Allier
88%
Cote d'or
88%
Haute marne
88%
Jura
88%
Orne
88%
Hautes pyrenees
87%
Morbihan
87%
Nievre
86%
Saone et loire
84%
Val de marne
84%
Sarthe
82%
Territoire de Belfort
82%
Deux sevres
81%
Maine et loire
77%

Distribution des résultats

Percentile par nombre de réponses

% des personnes avec chaque résultat

Votre développement - résultats

Vous n’avez pas pris ce quiz depuis la dernière actualisation